000
00307nam a2200133Ia 4500
008
200103s9999||||xx |||||||||||||| ||und||
040
_a
IMU-MPC
082
_a
Column-61
100
_a
Ludlum, Robert
245
4
_a
The Matlock Paper
260
_b
Bantam Books, New York
_c
1973
300
_a
384
942
_c
BK
999
_c
11081
_d
11081